Standard test method for analysis of aqueous extractable protein in latex, natural rubber and elstomeric products using the modified lowry method (Record no. 72993)

MARC details
000 -LEADER
fixed length control field 00548nam a2200157Ia 4500
245 #0 - TITLE STATEMENT
Title Standard test method for analysis of aqueous extractable protein in latex, natural rubber and elstomeric products using the modified lowry method
260 ## - PUBLICATION, DISTRIBUTION, ETC. (IMPRINT)
Year of publication 2015
500 ## - GENERAL NOTE
General note Standard number: ASTM D 5712 15
650 ## - SUBJECT ADDED ENTRY--TOPICAL TERM
Topical Term Aqueous extractable protein analysis
650 ## - SUBJECT ADDED ENTRY--TOPICAL TERM
Topical Term Elastomeric products
650 ## - SUBJECT ADDED ENTRY--TOPICAL TERM
Topical Term Latex analysis
650 ## - SUBJECT ADDED ENTRY--TOPICAL TERM
Topical Term modified lowry method
650 ## - SUBJECT ADDED ENTRY--TOPICAL TERM
Topical Term Natural rubber
942 ## - ADDED ENTRY ELEMENTS (KOHA)
Koha item type Standards
Holdings
Withdrawn status Lost status Damaged status Not for loan Collection code Home library Current library Date acquired Koha item type
      Standards ASTM standards RRII Library RRII Library 31/12/2021 Standards